Word Ladder: Indie Film Quiz Stats

 Plays Quiz Updated Aug 21, 2018

Challenge
Share
Tweet
Embed
Score 0/20 Timer 02:00
1 Play Today
Clue Answer % Correct
High school musical show on FOXGLEE
97.7%
Opposite of enslavedFREE
97.6%
Wilma Flintstone's husbandFRED
97.3%
Strong adhesiveGLUE
97.2%
Run for your lifeFLEE
95.9%
Going, going, ____!GONE
95.7%
The ____ RangerLONE
94.4%
Common Facebook action, or the 2nd word of the indie film♫LIKE♫
86.6%
Feeling sad, or the 1st word of a 2012 indie film♫BLUE♫
86.4%
What 'loch' means, in ScotlandLAKE
86.2%
Clue Answer % Correct
Do some fall yardworkRAKE
85.4%
Bit of dialogue in a playLINE
84.1%
Chow downFEED
76.6%
Carrier of characteristic traitsGENE
74.6%
New Orleans music style, or the 3rd word of the indie film♫JAZZ♫
70.9%
Demolish, like an old buildingRAZE
62.8%
Philosopher DescartesRENÉ
60.9%
Playfully teaseRAZZ
58.2%
Tear apartREND
51.9%
Portland college portrayed in the filmREED
51.5%

Today's Daily Dose

Missing Word
Biopics

Word Ladder
Food Idioms

Quick Pick
Diets

On This Day
December 18th II

You're not logged in!

Compare scores with friends on all Sporcle quizzes.
OR
Log In

You Might Also Like...

Show Comments

Extras

Top Quizzes Today


Score Distribution

Your Account Isn't Verified!

In order to create a playlist on Sporcle, you need to verify the email address you used during registration. Go to your Sporcle Settings to finish the process.

Report this User

Report this user for behavior that violates our Community Guidelines.

Details: